000 00425pab a2200157 454500
008 180718b2009 xxu||||| |||| 00| 0 eng d
100 _aArun Kumar
245 _aTackling the current global economic and financial crisis: beyond demand management
260 _c2009
300 _ap.151-57.
362 _a28 Mar
650 _aEconomic recession
773 _aEconomic and Political Weekly
908 _aN
909 _a81870
999 _c81870
_d81870